| 000 | 00657nam a2200217Ia 4500 | ||
|---|---|---|---|
| 003 | GCL | ||
| 005 | 20240530103025.0 | ||
| 008 | 140319s9999 xx 000 0 ara d | ||
| 040 |
_aGCL / _cGCL |
||
| 082 | 0 | 4 |
_aق _b962.048 _bع س |
| 100 | 1 | _aعبده حسن الزيات | |
| 245 | 1 | 0 |
_aسعد زغلول من اقضيتة / _cعبده حسن الزيات |
| 260 |
_a[S.N] : _bمطبعة الرسالة ، _c1942 |
||
| 300 | _a384 ص | ||
| 650 | 0 | 4 | _aالعصر الحديث |
| 650 | 0 | 4 | _aمصر |
| 650 | 0 | 4 | _aتاريخ |
| 650 | 0 | 4 | _aسعد زغلول |
| 650 | 0 | 4 | _aمصر - تاريخ - العصر الحديث - ثورة 1919 |
| 942 |
_2ddc _cBK |
||
| 999 |
_c36227 _d36227 |
||